000 00344nam a2200133Ia 4500
008 220204s9999 xx 000 0 und d
082 _a581.44
_bWIL
100 _aWILLIAMS, R F
245 0 _aShoot apex and leaf growth.
260 _aLondon
_bCambridge University
_c1975
650 _aLeaf growth
650 _aShoot apical system
942 _cBK
999 _c24572
_d24572